| 000 | 01276nam a2200325 a 4500 | ||
|---|---|---|---|
| 001 | ebr10477639 | ||
| 003 | CaPaEBR | ||
| 006 | m u | ||
| 007 | cr cn||||||||| | ||
| 008 | 110706s2001 enk sb 001 0 eng d | ||
| 020 | _z1855752670 | ||
| 020 | _z9781855752672 | ||
| 020 | _z9781849403191 (e-book) | ||
| 040 |
_aCaPaEBR _cCaPaEBR |
||
| 035 | _a(OCoLC)730501908 | ||
| 050 | 1 | 4 |
_aRC512 _b.J33 2001eb |
| 100 | 1 | _aJackson, Murray. | |
| 245 | 1 | 0 |
_aWeathering the storms _h[electronic resource] : _bpsychotherapy for psychosis / _cMurray Jackson ; foreword by James S. Grotstein ; preface by Paul Williams. |
| 260 |
_aLondon : _bKarnac Books, _c2001 _g(2002 printing) |
||
| 300 | _axvi, 374 p. | ||
| 504 | _aIncludes bibliographical references and index. | ||
| 533 |
_aElectronic reproduction. _bPalo Alto, Calif. : _cebrary, _d2011. _nAvailable via World Wide Web. _nAccess may be limited to ebrary affiliated libraries. |
||
| 650 | 0 |
_aPsychoses _xTreatment. |
|
| 650 | 0 | _aPsychotherapy. | |
| 655 | 7 |
_aElectronic books. _2local |
|
| 700 | 1 | _aGrotstein, James S. | |
| 700 | 1 | _aWilliams, Paul. | |
| 710 | 2 | _aebrary, Inc. | |
| 856 | 4 | 0 |
_uhttp://site.ebrary.com/lib/rucke/Doc?id=10477639 _zAn electronic book accessible through the World Wide Web; click to view |
| 999 |
_c119170 _d119170 |
||